Cup final for charlie / (Record no. 2985)

MARC details
000 -LEADER
fixed length control field 01109nam a22002777a 4500
001 - CONTROL NUMBER
control field 2985
003 - CONTROL NUMBER IDENTIFIER
control field FISKH
005 - DATE AND TIME OF LATEST TRANSACTION
control field 20240129115736.0
008 - FIXED-LENGTH DATA ELEMENTS--GENERAL INFORMATION
fixed length control field 240129b cb ||||| |||| 00| 0 eng d
020 ## - INTERNATIONAL STANDARD BOOK NUMBER
International Standard Book Number 0241106915
040 ## - CATALOGING SOURCE
Language of cataloging eng
Original cataloging agency FISKH
Transcribing agency FISKH
Modifying agency FISKH
050 ## - LIBRARY OF CONGRESS CALL NUMBER
Classification number PZ7
082 ## - DEWEY DECIMAL CLASSIFICATION NUMBER
Classification number 823'. 914
100 ## - MAIN ENTRY--PERSONAL NAME
Personal name Allen, Joy
245 ## - TITLE STATEMENT
Title Cup final for charlie /
Statement of responsibility, etc. Joy Allen ; Illustrated by Janet Duchesne
250 ## - EDITION STATEMENT
Edition statement This edition published in 1983
260 ## - PUBLICATION, DISTRIBUTION, ETC.
Place of publication, distribution, etc. London :
Name of publisher, distributor, etc. Hamish Hamilton,
Date of publication, distribution, etc. 1981
300 ## - PHYSICAL DESCRIPTION
Extent 48 pages :
Other physical details illustrations ;
Dimensions 20 cm
505 ## - FORMATTED CONTENTS NOTE
Formatted contents note J<br/>
520 ## - SUMMARY, ETC.
Summary, etc. Uncle Tim has a spate ticket for the cup final at Webley and Charlie is allowed to go with him. The whole day is crammed with excitement, starting with the coach trip to London. There is all the tension of the match as West Ham and Arsenal battle it out. Charlie has his own battle too -- on a rope swinging across the canal!
521 8# - TARGET AUDIENCE NOTE
Target audience note 450 <br/>
Source Lexile <br/>
521 8# - TARGET AUDIENCE NOTE
Target audience note J<br/>
Source Raz-Plus <br/>
650 ## - SUBJECT ADDED ENTRY--TOPICAL TERM
Topical term or geographic name entry element Cup Final for Charlie
Form subdivision Gazelle books
700 ## - ADDED ENTRY--PERSONAL NAME
Personal name Duchesne, Janet
Relator term illustrator
942 ## - ADDED ENTRY ELEMENTS (KOHA)
Source of classification or shelving scheme Dewey Decimal Classification
Koha item type Books
Suppress in OPAC No
Holdings
Withdrawn status Lost status Source of classification or shelving scheme Damaged status Not for loan Collection Home library Current library Shelving location Date acquired Total Checkouts Full call number Barcode Date due Date last seen Date last checked out Price effective from Koha item type
    Dewey Decimal Classification     Juvenile Fiction Footprints International School Library Network Toul Kork Campus Footprints International School Library Network Toul Kork Campus TK Primary Library Room(4th Floor), Bookcase 1&2, Shelves 1-16, Dark Blue Books 01/29/2024 1 ALL 823'. 914 PZ7 FIS00497 05/07/2026 04/23/2026 04/23/2026 01/29/2024 Books